000 00780nam a2200301Ia 4500
005 20260401122412.0
008 008 250103s9999 xx 000 0 eng d
020 _a9781603290760
037 _aTB
040 _aEDL
040 _beng
040 _cEDL
041 _2eng
041 _aeng
084 _a895.922 VER
084 _qEDL
100 _aVernon, Alex | Edward, Thomas | Calloway, Catherine
_91233500
245 0 _aApproaches to Teaching the works of: TIM O'BRIEN
245 0 _cVernon, Alex | Edward, Thomas | Calloway, Catherine
260 _aNew york
260 _bModern language Association of America
260 _c2010
300 _a293p
942 _cTB
942 _h895.922 VER
999 _c1847038
_d1847038